Obálka Náhled e-knihy:
PDF Epub
Pro půjčování e-knih musíte být přihlášeni.
Jak si půjčit online?

Zapomeň na minulost /

Milostný román se odehrává v Anglii v polovině 19. století a představuje hlavní hrdinku Emmu, která má výhodným sňatkem zajistit pro rodinu dobré společenské postavení.

Uloženo v:
Hlavní autor: Stainforth, Alexander, 1982- (Autor)
Médium: E-kniha
Jazyk:Czech
Vydáno: Řitka : Čas, 2025
Témata:
Tagy:
Žádné tagy
LEADER 02437nam a2200373 i 4500
001 312635
003 CZ PrSKC
005 20260601215726.0
007 ta
008 250219s2025 xr g 000 f cze
015 |a cnb003673373 
020 |a 9788074755033  |q (vázáno) 
035 |a (OCoLC)1519102438 
040 |a ABG001  |b cze  |e rda 
072 7 |a 821.162.3-3  |x Česká próza  |2 Konspekt 
080 |a 821.162.3-31  |2 MRF 
080 |a (0:82-312.5)  |2 MRF 
100 1 |a Stainforth, Alexander,  |d 1982-  |7 mzk2003175535  |4 aut 
245 1 0 |a Zapomeň na minulost /  |c Alexander Stainforth 
264 1 |a Řitka :  |b Čas,  |c 2025 
300 |a 246 stran ;  |c 21 cm 
336 |a text  |b txt  |2 rdacontent 
337 |a bez média  |b n  |2 rdamedia 
338 |a svazek  |b nc  |2 rdacarrier 
520 2 |a Milostný román se odehrává v Anglii v polovině 19. století a představuje hlavní hrdinku Emmu, která má výhodným sňatkem zajistit pro rodinu dobré společenské postavení.  |b Když je Emma Monaghanová povolána otcem, aby se vrátila z dívčího penzionátu, tuší, co ji čeká. Jako dcera nejvlivnějšího továrníka v Manchesteru má sňatkem se synem vikomta Ashforda zajistit rodině vysněný vstup do světa aristokracie. Osud však zamíchá kartami jinak. Po náhlém odhalení otcova tajemství se Emmin život obrátí vzhůru nohama. Pod pozlátkem úspěšného obchodníka objevuje temnou síť intrik, nenávisti a křivd, které sahají mnohem dál, než si kdy dokázala představit. Naštěstí v téhle zkoušce není sama. Po boku má muže, který stejně jako ona věří, že čest a lidskost jsou víc než společenské postavení. A ve vzájemné opoře čelí těm, kteří jsou pro své ambice ochotni obětovat i lidské životy. Nakladatelská anotace. 
655 7 |a české romány  |7 fd133974  |2 czenas 
655 7 |a milostné romány  |7 fd132840  |2 czenas 
655 9 |a Czech fiction  |2 eczenas 
655 9 |a love novels  |2 eczenas 
900 |a ABA001  |b 19 
044 |a xr 
910 |a RBIT002 
998 |d 417303  |a https://core.palmknihy.cz/api/books/417303/cover?srhmwq  |b https://core.palmknihy.cz/api/books/417303/cover/400?srhmwq  |c https://core.palmknihy.cz/api/books/417303/cover/50?srhmwq  |e 2035-02-13  |g 248  |i 9788074755033  |j https://core.palmknihy.cz/api/books/417303/preview.epub  |k https://core.palmknihy.cz/api/books/417303/preview.pdf  |l   |q 49  |r 1  |s https://www.palmknihy.cz/kniha/417303  |t ebook  |y 2025  |z 0 
999 |d 312633